1228 1743 1375 1236 1462 1219 1683 1601 1885 1333 1755 1610 1008 1647 1019 1442 1387 1007 1979 1124 1614 1997 1711 1615 1343 1595 1633 1131 1604 1592 1828 1870 1219 1976 1120 1638 1445 1030 1231 1752 1594 1673 1550 1870 1582 1777 1495 1624 1524 1912 1700 1378 1183 1301 1054 1991 1398 1877 1467 1103 1207 1459 1527 1417 1683 1695 1878 1528 1482 1477 1882 1185 1130 1228 1807 1647 1211 1717 1188 1790 1462 1254 1557 1401 1611 1575 1344 1772 1822 1071 1332 1642 1824 1282 1491 1884 1556 1292 1920 BCNSPRNW ULIB Ver.6.0+V

เปลี่ยนเป็นภาษาไทย

Change to English
 แสดงรายละเอียดบรรณานุกรม
  กลับหน้าหลัก

Brief Record : Get Marc (ISO 2709) : E-mail record : QR code < ปิดหน้าต่าง
LEADER : 00000nas 2200000uu 4500
001    13399122430
003     ULIB
008    020711s|||| th a 000 0 tha d
022    19069545
110    พีเพิลมีเดีย
245    สุขกายสบายใจ/^cพีเพิลมีเดีย
260    กรุงเทพฯ :^bพีเพิลมีเดีย,^cม.ป.ป.
310    ^aรายเดือน
850 ^a ULIB:campus^bฉบับที่ 27 ;ฉบับที่ 28 ;ฉบับที่ 29 ;ฉบับที่ 30 ;ฉบับที่ 31 ;ฉบับที่ 32 ;ฉบับที่ 33 ;ฉบับที่ 34 ;ฉบับที่ 35 ;ฉบับที่ 36
945    ^p70^l0^i800506
945    ^p70^l0^i800521
945    ^p70^l0^i800558
945    ^p70^l0^i800600
945    ^p70^l0^i800637
945    ^p70^l0^i800664
945    ^p70^l0^i800700
945    ^p70^l0^i800731
945    ^p70^l0^i800766
945    ^p70^l0^i800800
รายการนี้ยังไม่มีแท็ก
คุณยังไม่ได้ล็อกอิน คุณสามารถมีกิจกรรมร่วมกับเว็บไซต์ได้ แต่ต้องล็อกอินก่อน ::
  ล็อกอิน

รายการสื่อสารสนเทศ (วารสาร)

ดูแบบ: กล่อง รายการ
ARRIVED
ฉบับที่ 27
สถานที่: ห้องสมุดวิทยาเขตสวรรค์ประชารักษ์ >วารสาร
ARRIVED
ฉบับที่ 28
สถานที่: ห้องสมุดวิทยาเขตสวรรค์ประชารักษ์ >วารสาร
ARRIVED
ฉบับที่ 29
สถานที่: ห้องสมุดวิทยาเขตสวรรค์ประชารักษ์ >วารสาร
ARRIVED
ฉบับที่ 30
สถานที่: ห้องสมุดวิทยาเขตสวรรค์ประชารักษ์ >วารสาร
ARRIVED
ฉบับที่ 31
สถานที่: ห้องสมุดวิทยาเขตนครสวรรค์ >วารสาร
ARRIVED
ฉบับที่ 32
สถานที่: ห้องสมุดวิทยาเขตนครสวรรค์ >วารสาร
ARRIVED
ฉบับที่ 33
สถานที่: ห้องสมุดวิทยาเขตนครสวรรค์ >วารสาร
ARRIVED
ฉบับที่ 34
สถานที่: ห้องสมุดวิทยาเขตนครสวรรค์ >วารสาร
ARRIVED
ฉบับที่ 35
สถานที่: ห้องสมุดวิทยาเขตนครสวรรค์ >วารสาร
ARRIVED
ฉบับที่ 36
สถานที่: ห้องสมุดวิทยาเขตนครสวรรค์ >วารสาร

BibComment


ยังไม่เคยถูกคอมเมนท์

คอมเมนท์ทรัพยากรรายการนี้
  คอมเมนท์: สุขกายสบายใจ พีเพ..


 Copyright 2026. Bcnsprnw @Library